000 00924nam a2200277Ia 4500
001 Para_988
003 CHAP
008 220125s1945 xx 000 0 und d
010 _a199743
040 _cCHAP
090 _aPA TESIS 954
100 _aCampos Bravo, Gonzalo
_9164920
245 _aCultivo de la papa en el estado de Puebla. Plagas y enfermedades y procedimientos de control /
_c por Gonzalo Campos Bravo
260 _aChapingo, Méx. :
_b el autor
300 _a61 h.
502 _aTesis (Ing. Agr. Esp. Parasitlogía Agrícola) ENA Departamento Parasitología Agrícola
650 _aPapa
_x enfermedades Papa
_x plagas Papa
_x Puebla
_9164921
710 _aENA Departamento Parasitología Agrícola
_9164184
901 _aPA TESIS 954
902 _aM
905 _a0000001945 0000000000 00
910 _a1945
942 _cPARA
942 _cPARA
_d1
999 _c199743
_d199743